[Event "ch-LTU"]
[Site "Siauliai LTU"]
[Date "2005.05.07"]
[Round "1"]
[White "Savickas,A"]
[Black "Sakalauskas,V"]
[Result "1/2-1/2"]
[WhiteElo "2275"]
[BlackElo "2476"]

1.e4 e6 2.d4 d5 3.Nd2 Be7 4.Bd3 Nc6 5.Ngf3 Nb4 6.Be2 c5 7.c3 Nc6 8.dxc5 Bxc5
9.Nb3 Bb6 10.exd5 exd5 11.O-O Nge7 12.Bf4 O-O 13.Nfd4 Nf5 14.Nxf5 Bxf5 15.Bd3 Qf6  1/2-1/2

[Event "FSIM May"]
[Site "Budapest HUN"]
[Date "2005.05.08"]
[Round "2"]
[White "Werner,Di"]
[Black "Fodor,T jr"]
[Result "1-0"]
[WhiteElo "2334"]
[BlackElo "2269"]

1.e4 e6 2.d4 d5 3.Nd2 Be7 4.Bd3 c5 5.dxc5 Nf6 6.Qe2 Nc6 7.Ngf3 a5 8.c3 O-O
9.a4 Bxc5 10.O-O Re8 11.e5 Nd7 12.Nb3 Be7 13.Nbd4 Nc5 14.Bc2 f6 15.exf6 Bxf6
16.Be3 Nd7 17.Rad1 Nde5 18.Nb5 Nc4 19.Bc1 Nb6 20.h4 Re7 21.h5 e5 22.Ng5 h6
23.Ne4 Qf8 24.Bb3 Be6 25.Be3 d4 26.Bxe6+ Rxe6 27.Nc7 Qe7 28.Nxa8 Nxa8 29.Bc1 Nc7
30.Qc4 b6 31.f4 Kh8 32.f5 Rd6 33.cxd4 Nxd4 34.Nxd6 Qxd6 35.Be3 Nd5 36.Bxd4 exd4
37.Rfe1 Kh7 38.Re6 Qd7 39.Rxd4 Bxd4+ 40.Qxd4  1-0

[Event "SME Open"]
[Site "Ostrava CZE"]
[Date "2005.05.08"]
[Round "9"]
[White "Simek,Ji"]
[Black "Borovicka,B"]
[Result "1-0"]
[WhiteElo "2209"]
[BlackElo "2087"]

1.e4 e6 2.d4 d5 3.Nd2 Be7 4.Bd3 c5 5.dxc5 Nf6 6.Qe2 O-O 7.Ngf3 a5 8.O-O Na6
9.e5 Nd7 10.c3 Naxc5 11.Bc2 f6 12.exf6 Bxf6 13.Rd1 Nb6 14.Nb3 Nxb3 15.axb3 Qc7
16.Qd3 g6 17.Bh6 Re8 18.Be3 Bd7 19.Ng5 Bxg5 20.Bxg5 e5 21.Qg3 Bc6 22.h4 Re6
23.h5 Qg7 24.hxg6 hxg6 25.Qe3 Nd7 26.f3 Nf6 27.b4 d4 28.Rxd4 Nd5 29.Qe1 Rae8
30.Rxd5 Bxd5 31.Rxa5 Qd7 32.Qd1 b5 33.c4 Bc6 34.cxb5 Rd6 35.Qe2 Bd5 36.b6 Qc6
37.Ba4 Qxb6+ 38.Be3 Qxb4 39.Rxd5 Rxd5 40.Bxe8 Ra5 41.g3 Ra1+ 42.Kg2 Ra2 43.Bf2 Rxb2
44.Qxe5 Qb6 45.Qe1 Kh7 46.Bd7 Qc5 47.Bg4 Qc2 48.Qe7+ Kh6 49.Qe3+ Kh7 50.f4 Rb3
51.Qe7+ Kh6 52.Bf3 Rb2 53.Qe3 Rb3 54.Qd4 Kh7 55.Be4 Qc7 56.f5  1-0

[Event "FSIM May"]
[Site "Budapest HUN"]
[Date "2005.05.10"]
[Round "4"]
[White "Niemi,K"]
[Black "Fodor,T jr"]
[Result "0-1"]
[WhiteElo "2247"]
[BlackElo "2269"]

1.e4 e6 2.d4 d5 3.Nd2 Be7 4.Bd3 c5 5.dxc5 Nf6 6.Qe2 O-O 7.Ngf3 a5 8.e5 Nfd7
9.h4 h6 10.Ng5 Nc6 11.f4 Nxc5 12.Nb3 b6 13.c3 Ra7 14.Bb5 Rc7 15.Nxc5 bxc5
16.Qd3 g6 17.Bxc6 Rxc6 18.h5 hxg5 19.hxg6 g4 20.g7 Bh4+ 21.g3 Kxg7 22.gxh4 f5
23.exf6+ Qxf6 24.Qg3 Qf5 25.O-O e5 26.b4 cxb4 27.cxb4 Rc2 28.b5 Qe4 29.Ba3 Rxf4
30.Bd6 Qd4+ 31.Kh1 Bf5 32.Bxe5+ Qxe5 33.Qxf4 Be4+  0-1

[Event "Torch Real Estate Cup"]
[Site "Wuxi CHN"]
[Date "2005.05.10"]
[Round "9"]
[White "Zhang Xiaowen"]
[Black "Gong Qianyun"]
[Result "1-0"]
[WhiteElo "2191"]
[BlackElo "2350"]

1.e4 e6 2.d4 d5 3.Nd2 Be7 4.Bd3 c5 5.dxc5 Nf6 6.Qe2 a5 7.Ngf3 O-O 8.O-O Nfd7
9.c3 Nxc5 10.Bc2 Nc6 11.e5 Qc7 12.Nb3 b6 13.Re1 Ba6 14.Qe3 Nxb3 15.axb3 h6
16.Ra4 f5 17.Qf4 Rad8 18.Qg3 Kh7 19.Rg4 Rf7 20.Rg6 Bc8 21.Bf4 Bf8 22.Nh4 Ne7
23.Rf6 Nc6 24.Bxf5+ exf5 25.Qg6+ Kg8 26.Rxc6 Qe7 27.Nf3 b5 28.Bxh6 Bd7 29.Ng5  1-0

[Event "ch-RUS w"]
[Site "Samara RUS"]
[Date "2005.05.18"]
[Round "4"]
[White "Pogonina,N"]
[Black "Matveeva,S"]
[Result "1-0"]
[WhiteElo "2355"]
[BlackElo "2423"]

1.e4 e6 2.d4 d5 3.Nd2 Be7 4.Bd3 c5 5.dxc5 Nf6 6.Qe2 Nc6 7.Ngf3 a5 8.O-O a4
9.c3 O-O 10.Nd4 e5 11.exd5 exd4 12.dxc6 dxc3 13.Ne4 bxc6 14.bxc3 Nxe4 15.Qxe4 g6
16.Bc4 Bf5 17.Qxc6 Qc8 18.Qf3 Qxc5 19.Bd5 Rab8 20.c4 Rfd8 21.Bf4 Rb2 22.Qc3 Rc2
23.Qe5 Be6 24.Be3 Qd6 25.Qxd6 Rxd6 26.Bxe6 fxe6 27.Rfc1 Rb2 28.c5 Rc6 29.Rc4 a3
30.Rc3 Rc7 31.h3 Kf7 32.Kf1 e5 33.Bc1 Rb5 34.Bxa3 Ke6 35.Rac1 Ra7 36.R1c2 Ra8
37.c6 Bxa3 38.c7 Rb1+ 39.Ke2 Rc8 40.Rxa3 Rb7 41.Rac3 Ra7 42.Kd2 Ra5 43.Rc5 Ra3
44.Kc1 Kd6 45.R5c4 Ra6 46.Kb2 Rb6+ 47.Ka1 Ra6 48.a4 Kd5 49.Ka2 Ra7 50.Ka3 Ra6
51.Rc5+ Kd4 52.a5 Ra7 53.Ka4 Kd3 54.Rc6 e4 55.R2c4 Ke2 56.Rxe4+ Kxf2 57.Rc2+ Kg3
58.Rg4+ Kh2 59.Rgc4 h5 60.Rc6 Rca8 61.a6  1-0

[Event "HB Global CC"]
[Site "Minneapolis USA"]
[Date "2005.05.19"]
[Round "2"]
[White "Langer,M USA"]
[Black "Vavrak,P"]
[Result "1-0"]
[WhiteElo "2272"]
[BlackElo "2406"]

1.e4 e6 2.d4 d5 3.Nd2 Be7 4.c3 c5 5.exd5 Qxd5 6.Ngf3 cxd4 7.Bc4 Qh5 8.Ne4 Nf6
9.Ng3 Qc5 10.Qxd4 Nc6 11.Qxc5 Bxc5 12.Bg5 Be7 13.O-O-O Bd7 14.Bxf6 gxf6 15.Ne4 Ne5
16.Nxe5 fxe5 17.Rhe1 Bc6 18.Nd6+ Kf8 19.Bf1 f6 20.f4 Rd8 21.fxe5 fxe5 22.Nc4 Bg5+
23.Kc2 Rxd1 24.Kxd1 e4 25.Ne5 Ke7 26.Nxc6+ bxc6 27.Rxe4 Rd8+ 28.Kc2 Rd2+
29.Kb3 Rf2 30.Bc4 Bc1 31.Rxe6+ Kd7 32.Re2 Rxe2 33.Bxe2 Kd6 34.Kc2 Bf4 35.g3 Be3
36.b4 Bg1 37.h3 c5 38.bxc5+ Bxc5 39.Kd3 Ke5 40.Bf3 Bf2 41.g4 Kf4 42.Be4 h6
43.Bc6 Kg3 44.Bd7 Kf4 45.Kc4 Ke5 46.Kb5 Kd6 47.Be8 Kc7 48.Kc4 Kd6 49.Kd3 Ke5
50.Ke2 Bh4 51.Kf3 Bg5 52.Bc6 Bh4 53.c4 Be1 54.Be8 Bb4 55.h4 Kf6 56.g5+ hxg5
57.h5 Bf8 58.Ke4 Ke6 59.Bg6 Bh6 60.Bh7 Kd6 61.Kf5 Kc5 62.Kg6 Bf8 63.Kxg5 Kxc4
64.Bc2 Kc3 65.Bd1 Kd2 66.Bb3 Kc3 67.Bf7 Kd4 68.Kg6  1-0

[Event "Chigorin CC"]
[Site "St Petersburg RUS"]
[Date "2005.05.19"]
[Round "4"]
[White "Shushpanova,N"]
[Black "Rodkin,F"]
[Result "1/2-1/2"]
[WhiteElo "2064"]
[BlackElo "2198"]

1.e4 e6 2.d4 d5 3.Nd2 Nc6 4.Ngf3 Nf6 5.e5 Nd7 6.c3 Be7 7.Bd3 f6 8.exf6 Bxf6
9.O-O e5 10.dxe5 Ndxe5 11.Re1 O-O 12.Nxe5 Nxe5 13.Rxe5 Bxe5 14.Qh5 Re8 15.Bxh7+ Kf8
16.Bg6 Re6 17.Nf3 Bf6 18.Be3 Rxe3 19.Qh8+ Ke7 20.Qxd8+ Kxd8 21.fxe3 Be6 22.Nd4 Ke7
23.Nxe6 Kxe6 24.Rf1 c5 25.Kf2 Rh8 26.h3 Rh6 27.Bd3 Be5 28.Ke2 Rf6 29.Rxf6+ gxf6  1/2-1/2

[Event "48th TCh-SCG"]
[Site "Herceg Novi SCG"]
[Date "2005.05.20"]
[Round "6"]
[White "Todorovic,GM"]
[Black "Simic,Dragi"]
[Result "1-0"]
[WhiteElo "2511"]
[BlackElo "2313"]

1.e4 e6 2.d4 d5 3.Nd2 Be7 4.e5 c5 5.Qg4 Bf8 6.dxc5 Nh6 7.Qe2 Bxc5 8.Nb3 Bb6
9.Nf3 O-O 10.Bg5 Qc7 11.h3 Nc6 12.O-O-O a5 13.a3 a4 14.Nbd4 Bxd4 15.Nxd4 Qxe5
16.Qxe5 Nxe5 17.Be7 Re8 18.Bd6 Nc6 19.Nb5 Rd8 20.g4 Bd7 21.Bc7 Rdc8 22.Bg3 Na5
23.Nd6 Rf8 24.g5 Nf5 25.Nxf5 exf5 26.Bg2 Bc6 27.Bxd5 Rad8 28.Bxc6 Nxc6 29.Bc7 Rxd1+
30.Rxd1 f6 31.gxf6 Rxf6 32.Bf4 h6 33.Rd5 g5 34.Bd2 f4 35.Bc3 Re6 36.h4 g4
37.Rf5 Re4 38.Rf6 Kh7 39.h5 Nd4 40.Kd2 Ne6 41.Rg6 f3 42.b4 axb3 43.cxb3 Re2+
44.Kd1 Re4 45.b4 Nd4 46.Kd2 Nf5  1-0

[Event "48th TCh-SCG"]
[Site "Herceg Novi SCG"]
[Date "2005.05.20"]
[Round "6"]
[White "Popadic,Dr"]
[Black "Skare,G"]
[Result "0-1"]
[WhiteElo "2274"]
[BlackElo "2314"]

1.e4 e6 2.d4 d5 3.Nd2 a6 4.Ngf3 c5 5.c3 Nc6 6.exd5 Qxd5 7.Bc4 Qd8 8.dxc5 Bxc5
9.O-O Nf6 10.Qe2 Qc7 11.Nb3 Bd6 12.Bg5 b5 13.Bd3 Ng4 14.h3 Nge5 15.Nxe5 Nxe5
16.Be4 Rb8 17.Rad1 f6 18.Bc1 O-O 19.Rd4 Ng6 20.Rfd1 Be5 21.R4d3 f5 22.Bf3 Bf4
23.Bh5 Bxc1 24.Bxg6 Bh6 25.Bh5 e5 26.Rd6 e4 27.g3 Rb6 28.Rxb6 Qxb6 29.Qe1 g6
30.Be2 f4 31.gxf4 Bxh3 32.Bf1 Bxf1 33.Kxf1 Rxf4 34.Rd4 Qe6 35.Qe3 Rh4 36.Rd8+ Bf8
37.Nd4 Qxa2 38.Qd2 Qb1+ 39.Ke2 Qd3+ 40.Qxd3 exd3+ 41.Ke3 Kf7 42.Kxd3 b4 43.cxb4 Bxb4
44.Nf3 Rh1 45.Rb8 a5 46.Rb7+ Kf6 47.Nd4 h5 48.Nc6 Rh3+ 49.Kc2 Rf3 50.Nxb4 axb4
51.Rxb4 Rxf2+ 52.Kd3 g5  0-1

[Event "30th Elekes Mem IM"]
[Site "Budapest HUN"]
[Date "2005.05.23"]
[Round "3"]
[White "Diermair,A"]
[Black "Hasanova,E"]
[Result "1/2-1/2"]
[WhiteElo "2266"]
[BlackElo "2282"]

1.e4 e6 2.d4 d5 3.Nd2 Be7 4.c3 c5 5.dxc5 Bxc5 6.Nb3 Bb6 7.exd5 Nf6 8.Bb5+ Bd7
9.Bd3 O-O 10.Nf3 e5 11.Be2 e4 12.Ne5 Ba4 13.O-O Bc7 14.Ng4 Nxd5 15.Qd4 Bc6
16.Rd1 Nd7 17.c4 Nf4 18.Bxf4 Bxf4 19.g3 Bc7 20.c5 Qg5 21.Qe3 Qg6 22.Nd4 h5
23.Nxc6 Qxc6 24.Qd4 Rad8 25.Ne3 Qxc5 26.Qxe4 Nf6 27.Qf3 h4 28.Kg2 Rfe8 29.Rac1 Qe5
30.Bc4 Rxd1 31.Rxd1 b5 32.Ng4 Qg5 33.Nxf6+ gxf6 34.Rd4 Kf8 35.Bb3 hxg3 36.hxg3 Qe5
37.Rd5 Qe4 38.Rxb5 Bb6 39.Bd5 Qxf3+ 40.Kxf3 Re1 41.a4 Rf1 42.a5 Rxf2+ 43.Kg4 f5+
44.Kh3 Bd4  1/2-1/2

[Event "VII Open"]
[Site "Salou ESP"]
[Date "2005.05.23"]
[Round "4"]
[White "Tscharotschkin,M"]
[Black "Gonzalez Garcia,J"]
[Result "0-1"]
[WhiteElo "2211"]
[BlackElo "2469"]

1.e4 e6 2.d4 d5 3.Nd2 Nc6 4.Ngf3 Nf6 5.e5 Nd7 6.c3 f6 7.Bb5 fxe5 8.dxe5 Be7
9.O-O O-O 10.Re1 a5 11.Qc2 Qe8 12.Nf1 Nc5 13.Ng3 Bd7 14.a4 h6 15.Bd2 Nd8
16.Bxd7 Nxd7 17.b4 Nb6 18.b5 Nc4 19.Nd4 Qf7 20.Bc1 c5 21.bxc6 Nxc6 22.Nxc6 bxc6
23.f4 Bh4 24.Qe2 Qg6 25.Qf3 Rab8 26.Ba3 Rfe8 27.Bc5 Nd2 28.Qe3 Bxg3 29.hxg3 Ne4
30.Bb6 Nxg3 31.Bxa5 Rb2 32.Qf3 Nh5 33.Re2 Rxe2 34.Qxe2 Nxf4 35.Qf3 Nd3 36.Bc7 Rf8
37.Qh3 Nf4 38.Qf3 Qc2 39.Kh1 Ne2 40.Qg4 Rf5 41.Bd8 Qb2 42.Re1 Nxc3 43.Bf6 Qb7
44.a5 Kh7 45.a6 Qd7 46.Qxf5+ exf5 47.a7 Qxa7 48.e6 Ne4  0-1

[Event "ch-UKR sf"]
[Site "Alushta UKR"]
[Date "2005.05.24"]
[Round "9"]
[White "Fingerov,D"]
[Black "Burlai,O"]
[Result "0-1"]
[WhiteElo "2361"]
[BlackElo "2324"]

1.e4 e6 2.d4 d5 3.Nd2 Be7 4.Bd3 c5 5.dxc5 Nf6 6.Ngf3 dxe4 7.Nxe4 Nxe4 8.Bxe4 Qxd1+
9.Kxd1 Bxc5 10.Ke2 Nd7 11.c4 Nf6 12.Bc2 b6 13.Be3 Bxe3 14.Kxe3 Ke7 15.Ne5 Bb7
16.Rhd1 Rhd8 17.Ba4 Rac8 18.f3 Rxd1 19.Rxd1 Rc5 20.f4 Bxg2 21.Rg1 Be4 22.Rxg7 Bg6
23.Bc6 Kf8 24.Rxg6 hxg6 25.Kd4 a5 26.a3 a4 27.Bxa4 Rc7 28.Bc6 Nh5 29.c5 bxc5+
30.Kxc5 Nxf4 31.b4 f6 32.Kb6 Rh7 33.Nd7+ Ke7 34.a4 Nd5+ 35.Bxd5 exd5 36.Nc5 Rxh2
37.a5 g5 38.a6 g4 39.a7 Rh8 40.Nd3 g3 41.Nf4 Kd7 42.b5 d4 43.Kc5 d3 44.b6 d2
45.b7 d1=Q 46.b8=Q Qc2+ 47.Kd4 Qa4+ 48.Ke3 Qa3+ 49.Ke4 Re8+ 50.Kf5 Qc5+ 51.Kg4 f5+
52.Kh3 Qc6 53.Kxg3 Re3+ 54.Kh2 Qh6+ 55.Kg1 Re1+ 56.Kg2 Qg5+  0-1

[Event "ch-UKR sf"]
[Site "Alushta UKR"]
[Date "2005.05.24"]
[Round "9"]
[White "Kruglyakov,P"]
[Black "Aliferenko,A"]
[Result "0-1"]
[WhiteElo "2219"]
[BlackElo "2356"]

1.e4 e6 2.d4 d5 3.Nd2 Be7 4.Ngf3 c5 5.exd5 exd5 6.dxc5 Bxc5 7.Bb5+ Nc6 8.O-O Ne7
9.Nb3 Bb6 10.c3 Bg4 11.Bf4 O-O 12.Be2 Qd7 13.Qd2 Rad8 14.Rad1 Rfe8 15.Rfe1 h6
16.Be3 Bxe3 17.Qxe3 Ng6 18.Qd2 Nge5 19.Qf4 Bxf3 20.Bxf3 Nxf3+ 21.Qxf3 Ne5
22.Qe2 Nc4 23.Qc2 Qb5 24.h3 a5 25.Rxe8+ Rxe8 26.Rb1 Qa4 27.Ra1 b6 28.Qd3 Re5
29.Qd4 Qb5 30.Rb1 a4 31.Nd2 Nxd2 32.Qxd2 Re2 33.Qd4 a3 34.b3 Rxa2 35.Qg4 Re2
36.c4 a2 37.Ra1 Qe8 38.Kf1 Qe5 39.Rd1 Rd2 40.Re1 a1=Q  0-1

[Event "ch-RUS w"]
[Site "Samara RUS"]
[Date "2005.05.26"]
[Round "11"]
[White "Korbut,E"]
[Black "Matveeva,S"]
[Result "0-1"]
[WhiteElo "2399"]
[BlackElo "2423"]

1.e4 e6 2.d4 d5 3.Nd2 Be7 4.Ngf3 Nf6 5.e5 Nfd7 6.Bd3 c5 7.c3 Nc6 8.O-O g5
9.dxc5 g4 10.Nd4 Ndxe5 11.N2b3 Nxd3 12.Qxd3 e5 13.Nxc6 bxc6 14.Bh6 f6 15.f3 gxf3
16.Qxf3 Rg8 17.Qh5+ Rg6 18.Bf4 Qd7 19.Bg3 Ba6 20.Rf2 O-O-O 21.Qxh7 Rdg8 22.Kh1 Bd3
23.Qh5 R8g7 24.Qd1 Be4 25.Qe2 Rxg3 26.hxg3 Qh3+ 27.Kg1 Qxg3 28.Re1 Kc7 29.Qe3 Qg4
30.Qe2 Qh4 31.Qe3 f5 32.c4 Rh7 33.Kf1 dxc4 34.Nc1 Qg4 35.Kg1 Bh4 36.Rd2 Bg3
37.Red1 Qh4 38.Kf1 Qh1+ 39.Qg1 Qh4 40.Ne2 Bd3 41.Rxd3 cxd3 42.Rxd3 f4 43.Nc3 Qg4
44.Rf3 Qg6 45.Rxg3 Qxg3 46.Qf2 Qd3+ 47.Kg1 Rg7 48.Kh1 Rd7 49.Kg1 Qd4 50.Qxd4 Rxd4
51.Kf1 Rd2 52.b3 Rc2 53.Ne2 Rxa2 54.Ng1 Ra1+ 55.Kf2 Rxg1 56.Kxg1 Kd7 57.Kf2 Ke6
58.Kf3 Kf5  0-1

[Event "VII Open"]
[Site "Salou ESP"]
[Date "2005.05.27"]
[Round "8"]
[White "Spasov,V"]
[Black "Wintzer,J"]
[Result "1-0"]
[WhiteElo "2543"]
[BlackElo "2333"]

1.e4 e6 2.d4 d5 3.Nd2 Be7 4.Ngf3 Nf6 5.e5 Nfd7 6.c3 c5 7.Be2 Nc6 8.O-O cxd4
9.cxd4 Qb6 10.Nb3 a5 11.a4 O-O 12.Bg5 f6 13.exf6 Nxf6 14.Rc1 Bd6 15.Bb5 h6
16.Bh4 Ne4 17.Bg3 Nxg3 18.hxg3 Bd7 19.Nc5 Rad8 20.Re1 Rf6 21.b3 Bc8 22.Bxc6 bxc6
23.Ne5 Rf5 24.f4 Qc7 25.Qd2 Rdf8 26.Nf3 g5 27.Nxe6 Bxe6 28.Rxe6 gxf4 29.Rxh6 fxg3
30.Rg6+ Kf7 31.Qh6 Be7 32.Rgxc6 Qf4 33.Qg6+  1-0

[Event "14th CRO-Cup"]
[Site "Sibenik CRO"]
[Date "2005.06.01"]
[Round "4"]
[White "Biti,O"]
[Black "Zaja,I"]
[Result "1/2-1/2"]
[WhiteElo "2350"]
[BlackElo "2489"]

1.e4 e6 2.d4 d5 3.Nd2 Be7 4.Bd3 c5 5.dxc5 Nf6 6.Qe2 Nc6 7.Ngf3 Nb4 8.O-O Nxd3
9.cxd3 Bxc5 10.Nb3 dxe4 11.dxe4 Be7 12.Rd1 Qb6 13.Be3  1/2-1/2

[Event "69th ch-BUL"]
[Site "Pleven BUL"]
[Date "2005.06.03"]
[Round "13"]
[White "Kozhuharov,S"]
[Black "Dochev,D"]
[Result "0-1"]
[WhiteElo "2375"]
[BlackElo "2357"]

1.e4 e6 2.d4 d5 3.Nd2 Be7 4.Bd3 c5 5.dxc5 Nf6 6.Qe2 O-O 7.Ngf3 a5 8.O-O Na6
9.exd5 exd5 10.Re1 Re8 11.Ne5 Bxc5 12.h3 Ne4 13.Nxf7 Bxf2+ 14.Qxf2 Nxf2 15.Nxd8 Rxe1+
16.Kxf2 Re8 17.Nxb7 Bxb7 18.Nb3 Nb4 19.Nc5 Ba6 20.Bxa6 Nxa6 21.Nd3 Nb4 22.Nxb4 axb4
23.Bd2 Re4 24.Be1 Rc4 25.c3 bxc3 26.Bxc3 d4 27.Be1 Rc2+ 28.Kf3 Ra4 29.b4 Raxa2
30.Rd1 Ra3+ 31.Ke4 Rxg2 32.Kxd4 Rxh3 33.Kc5 Rh5+ 34.Kc6 Rf5 35.Rd8+ Rf8 36.Rxf8+ Kxf8
37.b5 Rc2+ 38.Kd7 Rb2 39.Kc6 Ke7 40.Bh4+ Ke6 41.b6 Rc2+ 42.Kb5 Kd7  0-1

[Event "FSGM June"]
[Site "Budapest HUN"]
[Date "2005.06.08"]
[Round "5"]
[White "Czebe,A"]
[Black "Werner,Di"]
[Result "1/2-1/2"]
[WhiteElo "2473"]
[BlackElo "2334"]

1.e4 e6 2.d4 d5 3.Nd2 Be7 4.Ngf3 Nf6 5.e5 Nfd7 6.Bd3 c5 7.O-O Nc6 8.Re1 cxd4
9.Nb3 Qb6 10.Bf4 Nc5 11.Nbxd4 Nxd4 12.Nxd4 Bd7 13.Nb3 Nxd3  1/2-1/2

[Event "FSIM June"]
[Site "Budapest HUN"]
[Date "2005.06.10"]
[Round "7"]
[White "Katsuhara,O"]
[Black "Galyas,M"]
[Result "1/2-1/2"]
[WhiteElo "2106"]
[BlackElo "2444"]

1.e4 e6 2.d4 d5 3.Nd2 Be7 4.Bd3 c5 5.dxc5 Nf6 6.Qe2 O-O 7.Ngf3 a5 8.a4 Na6
9.e5 Nd7 10.c3 Naxc5 11.Bc2 b6 12.Nd4 Ba6 13.Nb5 f6 14.exf6 Bxf6 15.O-O Qe7
16.Re1 Rae8 17.Rb1 Ne5 18.b3 Ng6 19.Bxg6 hxg6 20.c4 Bb7 21.Ba3 Bh4 22.Rf1 Bg5
23.cxd5 Bxd2 24.Bxc5 Qxc5 25.Qxd2 Bxd5 26.Rfc1 Qb4 27.Qxb4 axb4 28.Nc7 Rc8
29.Nxd5 exd5 30.Rd1 Rc2 31.f3 g5 32.h3 g4 33.hxg4 Re8 34.Rxd5 Ree2 35.Kh2 Rxg2+
36.Kh3 Rge2 37.Kh4 Rf2 38.Kg3 Rg2+ 39.Kf4 Rc3 40.Rb5 Rf2 41.Rxb6 Rfxf3+ 42.Kg5 Kf7
43.Rb7+ Kf8 44.Rxb4 Rc5+ 45.Kh4 Kf7 46.g5 Kg6 47.Rd1 Rcc3 48.Rb6+ Kh7 49.g6+ Kh6
50.Kg4 Rg3+ 51.Kf4 Rgf3+ 52.Ke4 Rxb3 53.Rh1+ Kg5 54.Rg1+ Kh6 55.Rxb3 Rxb3
56.Kf5 Rf3+ 57.Ke6 Ra3 58.Kf5 Rf3+ 59.Ke6 Rf6+ 60.Ke7 Ra6 61.Kf7 Ra7+ 62.Ke6 Ra6+
63.Kf5 Ra5+ 64.Kf4 Ra6 65.Rg2 Rxa4+  1/2-1/2

[Event "National Open"]
[Site "Las Vegas USA"]
[Date "2005.06.10"]
[Round "2"]
[White "Ho,Mat"]
[Black "Ivanov,IgorV"]
[Result "1/2-1/2"]
[WhiteElo "2260"]
[BlackElo "2407"]

1.e4 e6 2.d4 d5 3.Nd2 Nc6 4.Ngf3 Nf6 5.e5 Ne4 6.c3 Nxd2 7.Bxd2 h6 8.Bd3 b6
9.b4 Bb7 10.O-O g6 11.a4 a6 12.h3 Bg7 13.Nh2 Ne7 14.Ng4 Nf5 15.Bf4 h5 16.Nf6+ Bxf6
17.exf6 Nd6 18.Be5 Nc4 19.Qe2 Nxe5 20.dxe5 Qd7 21.b5 a5 22.Rfd1 O-O-O 23.c4 Kb8
24.Rac1 c5 25.bxc6 Qxc6 26.c5 bxc5 27.Bb5 Qc7 28.Ba6 Ba8 29.Qb5+ Ka7 30.Rxc5 Qb6
31.Rb1 Qxb5 32.Rcxb5 Kxa6 33.Rb6+ Ka7 34.R6b5 Ka6 35.Rb6+  1/2-1/2

[Event "6th ch-EURw"]
[Site "Chisinau MDA"]
[Date "2005.06.14"]
[Round "4"]
[White "Makropoulou,M"]
[Black "Padurariu,I"]
[Result "1/2-1/2"]
[WhiteElo "2285"]
[BlackElo "2153"]

1.e4 e6 2.d4 d5 3.Nd2 Nc6 4.c3 e5 5.Ngf3 exd4 6.exd5 Qxd5 7.Bc4 Qf5 8.O-O Be6
9.Bxe6 fxe6 10.Nxd4 Nxd4 11.cxd4 O-O-O 12.Nf3 Ne7 13.Qa4 Nc6 14.Bg5 Rd5 15.Rac1 Ra5
16.Qb3 Qd5 17.Qxd5 Rxd5 18.Rfe1 h6 19.Bf4 g5 20.Bg3 g4 21.Ne5 Nxe5 22.Rxe5 Rxe5
23.Rxc7+ Kxc7 24.Bxe5+ Bd6 25.Bxh8 Kc6 26.Kf1 Kd5 27.Ke2 h5 28.Ke3 b5 29.Bf6 a5
30.h3 gxh3 31.gxh3 a4 32.Kd3 Bf4 33.b3 Bc1 34.Kc3 Ba3 35.f3 axb3 36.axb3 Bd6
37.Bg7 Bg3 38.Kb4 Kc6 39.Kc3 Kd5 40.Kd3 Bf2 41.Bf6 Bg1 42.Kc3 Be3 43.Kb4 Bd2+
44.Ka3 Bf4 45.Bg7 Bg3  1/2-1/2

[Event "St Petersburg vs Moscow"]
[Site "St Petersburg RUS"]
[Date "2005.06.15"]
[Round "2"]
[White "Malysheva,P"]
[Black "Grabuzova,T"]
[Result "1/2-1/2"]
[WhiteElo "2301"]
[BlackElo "2327"]

1.e4 e6 2.d4 d5 3.Nd2 a6 4.Ngf3 c5 5.exd5 exd5 6.Be2 Nf6 7.O-O Be7 8.dxc5 Bxc5
9.Nb3 Bb6 10.Bg5 O-O 11.c3 Re8 12.Nfd4 Qd6 13.Bxf6 Qxf6 14.Bd3 Nc6 15.Qc2 g6
16.Nxc6 Qxc6 17.Qd2 Qf6 18.Be2 Bf5 19.Nd4 Bxd4 20.cxd4 Rac8 21.Rac1 Qe6 22.Rxc8 Rxc8
23.Bd1 Re8 24.h3 Qe4 25.Bf3 Qd3 26.Qb4 Be4 27.Re1 a5 28.Qa4 Rc8 29.Qd7 Rc2
30.Qe8+ Kg7 31.Qe5+ Kg8 32.Bxe4 dxe4 33.Rxe4 Qd1+ 34.Re1 Qd2 35.Rf1 Rxb2
36.d5 Rb4 37.d6 Rd4 38.Rb1 Rxd6 39.Rxb7 Rd8 40.Qf6 Qd1+ 41.Kh2 Qd6+ 42.Qxd6 Rxd6
43.Rb5 Rd2 44.Rxa5 Rxf2 45.Kg3 Rc2 46.a4  1/2-1/2

[Event "Open"]
[Site "Voronezh RUS"]
[Date "2005.06.15"]
[Round "4"]
[White "Bryzgalin,K"]
[Black "Manelis,V"]
[Result "1/2-1/2"]
[WhiteElo "2464"]
[BlackElo "2309"]

1.e4 e6 2.d4 d5 3.Nd2 a6 4.Ngf3 c5 5.exd5 exd5 6.Be2 Nf6 7.O-O cxd4 8.Nxd4 Nc6
9.N2b3 Be7 10.Nxc6 bxc6 11.c4 O-O 12.Be3 Ne4 13.Rc1 Bf6 14.f3 Ng5 15.cxd5 cxd5
16.Bd4 Ne6 17.Bxf6 Qxf6 18.Qd2 Rb8 19.Rfd1 a5 20.Rc2 a4 21.Nd4 Bd7 22.Bf1 Rb7
23.Ne2 Rd8 24.Qc3 Qxc3 25.Nxc3 d4 26.Ne4 h6 27.Rdd2 Bb5 28.Nc5  1/2-1/2

[Event "6th ch-EURw"]
[Site "Chisinau MDA"]
[Date "2005.06.17"]
[Round "7"]
[White "Peptan,C"]
[Black "Grabuzova,T"]
[Result "0-1"]
[WhiteElo "2435"]
[BlackElo "2327"]

1.e4 e6 2.d4 d5 3.Nd2 a6 4.Ngf3 c5 5.exd5 exd5 6.Be2 Nf6 7.O-O Be7 8.dxc5 Bxc5
9.Nb3 Bb6 10.Qd3 O-O 11.Bf4 Nc6 12.Nfd4 Re8 13.Bf3 Ne5 14.Bxe5 Rxe5 15.Rfe1 Qd6
16.Re2 Bd7 17.Rae1 Rae8 18.c3 g6 19.Nd2 Bg4 20.Bxg4 Nxg4 21.N2f3 Rxe2 22.Rxe2 Rxe2
23.Qxe2 Bxd4 24.cxd4 Qf4 25.g3 Qe4 26.Qxe4 dxe4 27.Nd2 f5 28.Nc4 Kf8 29.h3 Nf6
30.Kf1 Ke7 31.Ke2 Ke6 32.Ne5 Nd5 33.a3 g5 34.Nc4 f4 35.Na5 b6 36.Nc6 Nc7
37.Ne5 Nb5 38.Nc6 Kd6 39.d5 Nc7 40.Nd8 Kxd5 41.Nf7 Ne6 42.Kd2 e3+ 43.Ke1 Ke4
44.gxf4 gxf4 45.fxe3 fxe3 46.b4 Nd4 47.a4 b5 48.axb5 axb5 49.Kd1 h5 50.h4 Kf4
51.Ke1 Kg4 52.Ne5+ Kxh4 53.Ng6+ Kg3 54.Ne7 Kf3  0-1

[Event "6th EICC"]
[Site "Warsaw POL"]
[Date "2005.06.20"]
[Round "3"]
[White "Erenburg,S"]
[Black "Kuraszkiewicz,M"]
[Result "0-1"]
[WhiteElo "2575"]
[BlackElo "2300"]

1.e4 e6 2.d4 d5 3.Nd2 Be7 4.Ngf3 Nf6 5.e5 Nfd7 6.c3 c5 7.Be2 O-O 8.O-O Nc6
9.Nb3 c4 10.Nbd2 b5 11.a3 a5 12.Re1 Nb6 13.Nf1 Bd7 14.Bf4 b4 15.Qc1 bxa3
16.bxa3 a4 17.Bg5 Na5 18.Ra2 Rb8 19.Ng3 Na8 20.Nh5 Kh8 21.Bxe7 Qxe7 22.Bd1 Rb3
23.Re3 Nc7 24.Nd2 Nb5 25.Nb1 Qg5 26.Nd2 Nxd4 27.Rg3 Qxe5 28.cxd4 Qe1+ 29.Nf1 Rxg3
30.Nxg3 Nb3 31.Qf4 Kg8 32.Nh5 Qxd1 33.Qg5 Qxd4 34.Re2 h6 35.Qg3 f5 36.Qd6 Rf7
37.Nf4 Qc5 38.Qb8+ Kh7 39.Nxe6 Bxe6 40.Rxe6 Qc7 41.Qa8 c3 42.Rc6 c2 43.Rxc7 Rxc7
44.Qxa4 Na1 45.Qf4 c1=Q 46.Qxf5+ g6 47.Qxd5 Qxa3 48.h4 Qc5 49.Qd1 Nc2 50.Ng3 Qd4
51.Qf3 Ne1 52.Qe2 Nd3 53.h5 gxh5 54.Ne4 Nf4 55.Qf3 Re7 56.Ng3 Qe5 57.Nf1 Qe4
58.Qxe4+ Rxe4 59.g3 Ne6 60.Ne3 Kg6 61.Kg2 Rxe3 62.fxe3 Ng5  0-1

[Event "6th EICC"]
[Site "Warsaw POL"]
[Date "2005.06.22"]
[Round "5"]
[White "Czarnota,P"]
[Black "Kuraszkiewicz,M"]
[Result "1-0"]
[WhiteElo "2478"]
[BlackElo "2300"]

1.e4 e6 2.d4 d5 3.Nd2 Be7 4.e5 Nh6 5.Bd3 c5 6.c3 Nc6 7.Ne2 Nf5 8.Nf3 O-O
9.O-O cxd4 10.cxd4 Bd7 11.Nf4 Ncxd4 12.Nxd4 Nxd4 13.Bxh7+ Kxh7 14.Qxd4 g6
15.Be3 b6 16.Qd3 Rc8 17.Bd4 Qc7 18.Rad1 Rh8 19.Bc3 Qc4 20.Qg3 Qe4 21.Rd4 Qf5
22.Nxg6 fxg6 23.Rf4 Rc4 24.Rxf5 gxf5 25.Rd1 Rg4 26.Qf3 Bc5 27.b4 Be7 28.Rd4 Rhg8
29.Rxg4 Rxg4 30.h3 Rc4 31.Qh5+  1-0

[Event "Friendship IM"]
[Site "Cartak CZE"]
[Date "2005.06.23"]
[Round "8"]
[White "Kulovana,E"]
[Black "Jurek,J"]
[Result "1/2-1/2"]
[WhiteElo "2153"]
[BlackElo "2374"]

1.e4 e6 2.d4 d5 3.Nd2 Nc6 4.Ngf3 g6 5.c3 Bg7 6.e5 f6 7.exf6 Nxf6 8.Bb5 Bd7
9.O-O O-O 10.Re1 Qe7 11.Nf1 Rae8 12.Bg5 Qd6 13.Ng3 Ng4 14.h3 Nh6 15.Qd2 Rxf3
16.Bxh6 Bxh6  1/2-1/2

[Event "6th EICC"]
[Site "Warsaw POL"]
[Date "2005.06.23"]
[Round "6"]
[White "Erenburg,S"]
[Black "Heberla,B"]
[Result "1-0"]
[WhiteElo "2575"]
[BlackElo "2454"]

1.e4 e6 2.d4 d5 3.Nd2 Be7 4.Ngf3 Nf6 5.e5 Nfd7 6.c3 c5 7.Bd3 Nc6 8.O-O g5
9.dxc5 g4 10.Nd4 Ndxe5 11.Bb5 Bd7 12.N2b3 h5 13.Qe2 Rg8 14.Bxc6 Nxc6 15.Bf4 Nxd4
16.cxd4 Bc6 17.Rfe1 Bg5 18.Bxg5 Rxg5 19.Qd2 Qf6 20.Re3 h4 21.Rae1 Ke7 22.Nc1 Rag8
23.Ne2 Kf8 24.g3 Rf5 25.Nf4 Rxf4 26.gxf4 Qxf4 27.Rd3 Qf6 28.Re5 Qg6 29.Qe3 g3
30.fxg3 hxg3 31.hxg3 Rh8 32.Rd2 Qh7 33.Qf3 Qb1+ 34.Rd1 Qc2 35.Qe2 Qg6 36.Qg2 Qg4
37.Rd2 Rh3 38.Re3 e5 39.Qf3 Qg6 40.Rh2 Qb1+ 41.Kg2 Rxh2+ 42.Kxh2 exd4 43.Re2 Qh7+
44.Kg1 Qb1+ 45.Qf1 Qg6 46.Qf4 Qb1+ 47.Kh2 Bb5 48.Qh6+ Kg8 49.Rf2 Bd3 50.Qg5+ Bg6
51.Re2 Qd1 52.Re8+ Kg7 53.Qe5+ f6 54.Re7+ Bf7 55.Qe2 Qxe2+ 56.Rxe2 d3 57.Rd2 Bg6
58.Kg1 Kf7 59.Kf2 Ke6 60.Ke3 Be4 61.Kd4 Kd7 62.b4 Kc6 63.a4 a6 64.Rf2 f5
65.Rh2 b5 66.a5 Kc7 67.Kc3 Kb7 68.Rh6 Ka7 69.Rb6  1-0

[Event "19th Open Pula"]
[Site "Pula CRO"]
[Date "2005.06.26"]
[Round "9"]
[White "Rogic,D"]
[Black "Fucak,E"]
[Result "1-0"]
[WhiteElo "2499"]
[BlackElo "2309"]

1.e4 e6 2.d4 d5 3.Nd2 Be7 4.c3 c5 5.dxc5 Bxc5 6.Nb3 Bb6 7.exd5 exd5 8.Nf3 Nf6
9.Bb5+ Nc6 10.O-O O-O 11.Bg5 a6 12.Bd3 Qd6 13.Bc2 Ng4 14.Bh4 f5 15.Qd3 h6
16.Rad1 f4 17.Qh7+ Kf7 18.c4 Nb4 19.Rfe1 Be3 20.c5  1-0